[Event "CZE-ch Amateur"]
[Site "Hluk"]
[Date "2023.05.11"]
[Round "9"]
[White "Siles, Jan"]
[Black "Rajnys, Vladimir"]
[Result "0-1"]
[WhiteElo "1857"]
[BlackElo "2074"]
[PlyCount "90"]
[EventDate "2023.05.06"]
[EventType "swiss"]
[EventRounds "9"]
[EventCountry "CZE"]
[SourceTitle "CBM 214 Extra"]
[Source "ChessBase"]
[SourceDate "2023.07.31"]
[SourceVersion "1"]
[SourceVersionDate "2023.07.31"]
[SourceQuality "1"]

1. d4 Nf6 2. c4 e6 3. Nf3 d5 4. Nc3 c6 5. cxd5 exd5 6. Bg5 Bf5 7. e3 Nbd7 8. Ne5 Qa5 9. Nxd7 Nxd7 10. Bd3 Bxd3 11. Qxd3 Bb4 12. 0-0 Bxc3 13. bxc3 0-0 14. Qf5 Qc7 15. Qg4 Qd6 16. Rab1 b6 17. f4 f5 18. Qh4 Rae8 19. Qh3 Re4 20. Rf3 h6 21. Bh4 Qe6 22. Bf2 Nf6 23. Qg3 Qf7 24. h3 Re6 25. Be1 Ne4 26. Qh2 Qh5 27. Rb2 Rg6 28. Kh1 Re8 29. a4 Rge6 30. Qg1 Nd6 31. Re2 Nc4 32. Bf2 b5 33. axb5 cxb5 34. Qb1 Rb6 35. Ra2 a5 36. Bg1 b4 37. cxb4 axb4 38. Ra7 Nd2 39. Qa2 Nxf3 40. Qxd5+ Kh8 41. Qd7 Rg8 42. Qc7 Rbb8 43. d5 Nxg1 44. d6 Qd1 45. Kh2 Ne2 0-1

[Event "CZE-chT1W 1314"]
[Site "Czech Republic"]
[Date "2014.02.23"]
[Round "8.8"]
[White "Rajnys, Vladimir"]
[Black "Oresky, Jan"]
[Result "1/2-1/2"]
[WhiteElo "2066"]
[BlackElo "2191"]
[PlyCount "87"]
[EventDate "2013.10.20"]
[EventType "team-tourn"]
[EventRounds "11"]
[EventCountry "CZE"]
[SourceTitle "EXT 2015"]
[Source "ChessBase"]
[SourceDate "2014.11.20"]
[SourceVersion "1"]
[SourceVersionDate "2014.11.20"]
[SourceQuality "1"]
[WhiteTeam "Ceske Budejovice"]
[BlackTeam "Novoborsky II"]
[WhiteTeamCountry "CZE"]
[BlackTeamCountry "CZE"]

1. e4 c5 2. Nc3 Nc6 3. g3 g6 4. Bg2 Bg7 5. d3 e6 6. f4 d6 7. Nf3 Nge7 8. 0-0 a6 9. Bd2 Nd4 10. Rb1 0-0 11. Ne2 Nxf3+ 12. Bxf3 Nc6 13. c3 d5 14. g4 dxe4 15. dxe4 e5 16. f5 Re8 17. Ng3 b5 18. Qe2 Qc7 19. Rfd1 Bf8 20. Bg5 Na5 21. Nf1 Nc4 22. Rd3 Bb7 23. Rbd1 Bc6 24. Bg2 Qb7 25. Rh3 Nd6 26. Nd2 f6 27. Bxf6 Qf7 28. g5 Bg7 29. Bxg7 Kxg7 30. f6+ Kg8 31. Nb3 Nb7 32. Qe3 c4 33. Nc1 Rad8 34. Rxd8 Rxd8 35. Rf3 Bd7 36. Rf2 Be6 37. Rd2 Qc7 38. Kf2 Rxd2+ 39. Qxd2 Qc5+ 40. Qe3 Qxe3+ 41. Kxe3 Nd6 42. Bf3 Nf7 43. h4 h6 44. h5 1/2-1/2

[Event "Stare Mesto op"]
[Site "Stare Mesto"]
[Date "2012.08.14"]
[Round "6"]
[White "Rajnys, Vladimir"]
[Black "Vrana, Frantisek"]
[Result "0-1"]
[WhiteElo "2039"]
[BlackElo "2262"]
[PlyCount "48"]
[EventDate "2012.08.10"]
[EventType "swiss"]
[EventRounds "10"]
[EventCountry "CZE"]
[SourceTitle "CBM 149 Extra"]
[Source "ChessBase"]
[SourceDate "2012.08.24"]
[SourceVersion "1"]
[SourceVersionDate "2012.08.24"]
[SourceQuality "1"]

1. c4 e5 2. Nc3 Nf6 3. g3 d5 4. cxd5 Nxd5 5. Bg2 Ne7 6. Nf3 Nbc6 7. d3 g6 8. Rb1 a5 9. a3 Bg7 10. 0-0 0-0 11. Qc2 h6 12. Be3 Nd4 13. Bxd4 exd4 14. Nd1 a4 15. e4 dxe3 16. Nxe3 Be6 17. Nc4 Re8 18. b4 axb3 19. Rxb3 Ra7 20. Rd1 Nf5 21. d4 Nxd4 22. Nxd4 Bxd4 23. Rbd3 Bf5 24. Rxd4 Qxd4 0-1

[Event "Stare Mesto op"]
[Site "Stare Mesto"]
[Date "2012.08.13"]
[Round "5"]
[White "Certek, Pavel"]
[Black "Rajnys, Vladimir"]
[Result "1/2-1/2"]
[WhiteElo "2321"]
[BlackElo "2039"]
[PlyCount "162"]
[EventDate "2012.08.10"]
[EventType "swiss"]
[EventRounds "10"]
[EventCountry "CZE"]
[SourceTitle "CBM 149 Extra"]
[Source "ChessBase"]
[SourceDate "2012.08.24"]
[SourceVersion "1"]
[SourceVersionDate "2012.08.24"]
[SourceQuality "1"]

1. d4 Nf6 2. c4 e6 3. Nc3 d5 4. Bg5 Be7 5. e3 c6 6. Nf3 0-0 7. Rc1 Nbd7 8. Bd3 h6 9. Bh4 dxc4 10. Bxc4 b5 11. Bd3 Bb7 12. 0-0 a6 13. Bb1 Rc8 14. Qe2 Nd5 15. Qd3 g6 16. Bxe7 Qxe7 17. Qd2 Nxc3 18. bxc3 Kh7 19. e4 e5 20. Qe3 c5 21. Rcd1 Rfe8 22. d5 Qd6 23. Nd2 c4 24. Qg3 Kg7 25. f4 a5 26. fxe5 Nxe5 27. Nf3 Nxf3+ 28. Qxf3 Rc7 29. Rc1 Ba6 30. Rf2 b4 31. Bc2 Re5 32. h3 Rce7 33. g4 Rb7 34. Kg2 Qe7 35. Rb1 f6 36. Qd1 Qd6 37. Qd4 Rf7 38. Qd2 Rb7 39. Rf3 b3 40. axb3 cxb3 41. Rxb3 Rxb3 42. Bxb3 Rxe4 43. Rf2 Qe5 44. Bd1 Re3 45. Rf3 Re1 46. Rf2 Re3 47. Bf3 Qxc3 48. Qxc3 Rxc3 49. Rb2 Kf7 50. Rb8 Bc8 51. Ra8 Ke7 52. Rxa5 Kd6 53. Ra7 Bd7 54. Kf2 h5 55. gxh5 gxh5 56. Bxh5 Bxh3 57. Bf3 Bd7 58. Kg3 Rc7 59. Ra3 Bc8 60. Re3 Re7 61. Rb3 Rc7 62. Kf4 Rc4+ 63. Ke3 Ke5 64. Ra3 Bf5 65. Ra7 Rc3+ 66. Kf2 Kf4 67. Ra4+ Ke5 68. Rb4 Rd3 69. Ke2 Rd4 70. Rb8 Ra4 71. Re8+ Kf4 72. Bh5 Be4 73. d6 Ra2+ 74. Ke1 Ra1+ 75. Kd2 Ra3 76. Re6 Rd3+ 77. Ke2 Rd5 78. Be8 Bf3+ 79. Ke1 Rd1+ 80. Kf2 Rd2+ 81. Kf1 Rd1+ 1/2-1/2

[Event "CZE-chT2B 0910"]
[Site "Czech Republic"]
[Date "2010.02.14"]
[Round "7.6"]
[White "Chrz, Pavel"]
[Black "Rajnys, Vladimir"]
[Result "0-1"]
[WhiteElo "2127"]
[BlackElo "2056"]
[PlyCount "120"]
[EventDate "2009.10.18"]
[EventType "team-tourn"]
[EventRounds "11"]
[EventCountry "CZE"]
[SourceTitle "EXT 2012"]
[Source "ChessBase"]
[SourceDate "2011.11.24"]
[SourceVersion "1"]
[SourceVersionDate "2011.11.24"]
[SourceQuality "1"]
[WhiteTeam "Usti nad Labem"]
[BlackTeam "Jirkov"]
[WhiteTeamCountry "CZE"]
[BlackTeamCountry "CZE"]

1. e4 c5 2. Nf3 d6 3. d4 cxd4 4. Nxd4 Nf6 5. Nc3 a6 6. Bg5 e6 7. f4 b5 8. e5 dxe5 9. fxe5 Qc7 10. Qe2 Nfd7 11. 0-0-0 Bb4 12. Rd3 Nc6 13. Nxc6 Qxc6 14. Ne4 Bb7 15. Nd6+ Bxd6 16. Rxd6 Qc7 17. Qd2 Bd5 18. Rxd5 exd5 19. Qxd5 0-0 20. e6 fxe6 21. Qxe6+ Kh8 22. Bd3 Nc5 23. Qh3 Nxd3+ 24. Qxd3 Rac8 25. Re1 Qxh2 26. Qe4 Qh5 27. Bd2 Rfe8 28. Qb4 Rxe1+ 29. Bxe1 Rd8 30. g4 Qf7 31. b3 h6 32. Bc3 Qf1+ 33. Kb2 Qf7 34. Qa5 Rd6 35. a4 bxa4 36. Qxa4 Rg6 37. Qe4 Kh7 38. Qd3 Qf4 39. Bd4 Qxg4 40. c4 Qe6 41. b4 Kh8 42. Bc3 h5 43. b5 axb5 44. cxb5 Rg2+ 45. Ka3 Ra2+ 46. Kb4 Qe7+ 47. Kb3 Re2 48. Qf3 h4 49. Bd4 Re4 50. Bc3 Re3 51. Qh5+ Kg8 52. Kb2 h3 53. Qd5+ Qe6 54. Qd8+ Kf7 55. Qd4 Re2+ 56. Ka3 Ra2+ 57. Kb4 Kg8 58. Qd8+ Kh7 59. Qd1 Re2 60. Qg1 g6 0-1

[Event "Tabor op"]
[Site "Tabor"]
[Date "2009.08.05"]
[Round "5"]
[White "Vesselovsky, Serguei"]
[Black "Rajnys, Vladimir"]
[Result "1-0"]
[WhiteElo "2372"]
[BlackElo "2094"]
[PlyCount "79"]
[EventDate "2009.08.02"]
[EventType "swiss"]
[EventRounds "9"]
[EventCountry "CZE"]
[SourceTitle "CBM 131 Extra"]
[Source "ChessBase"]
[SourceDate "2009.09.03"]
[SourceVersion "2"]
[SourceVersionDate "2009.09.16"]
[SourceQuality "1"]

1. e4 c5 2. g3 Nc6 3. Bg2 g6 4. Nf3 Bg7 5. 0-0 e6 6. c3 Nge7 7. d4 cxd4 8. cxd4 d5 9. e5 Qb6 10. Nc3 Bd7 11. b3 a6 12. Na4 Qa7 13. Ba3 b6 14. Qd2 0-0 15. h4 h5 16. Bh3 Rfe8 17. Nc3 Rac8 18. Rac1 b5 19. Bc5 Qc7 20. Ne2 Qd8 21. Rc2 Bf8 22. Rfc1 Kg7 23. Nf4 Ng8 24. Nd3 Nce7 25. Qg5 Nh6 26. Bd6 Rxc2 27. Rxc2 Nef5 28. Bxf8+ Rxf8 29. Qxd8 Rxd8 30. Bxf5 Nxf5 31. Rc7 Be8 32. Nc5 Ra8 33. Nxe6+ Kg8 34. Nf4 a5 35. Nxd5 a4 36. Nf6+ Kf8 37. d5 axb3 38. axb3 b4 39. d6 Ra1+ 40. Kg2 1-0

[Event "Karlovy Vary op"]
[Site "Karlovy Vary"]
[Date "2009.05.02"]
[Round "5"]
[White "Pokrupa, Marek"]
[Black "Rajnys, Vladimir"]
[Result "1/2-1/2"]
[WhiteElo "2161"]
[BlackElo "2091"]
[PlyCount "91"]
[EventDate "2009.04.29"]
[EventType "swiss"]
[EventRounds "7"]
[EventCountry "CZE"]
[SourceTitle "CBM 130 Extra"]
[Source "ChessBase"]
[SourceDate "2009.07.02"]
[SourceVersion "2"]
[SourceVersionDate "2009.07.15"]
[SourceQuality "1"]

1. Nf3 c5 2. g3 Nc6 3. Bg2 g6 4. 0-0 Bg7 5. c4 e5 6. Nc3 d6 7. a3 Nge7 8. b4 h6 9. Ne1 0-0 10. Rb1 Rb8 11. Nc2 Bf5 12. d3 Qd7 13. Re1 Bh3 14. bxc5 Bxg2 15. Kxg2 d5 16. e4 d4 17. Nd5 f5 18. f3 g5 19. Bd2 Ng6 20. Ncb4 Kh8 21. exf5 Qxf5 22. Qe2 Nce7 23. Nxe7 Nxe7 24. Nd5 Qd7 25. Nxe7 Qxe7 26. Bb4 Qc7 27. c6 Rfe8 28. cxb7 Rxb7 29. Ba5 Qd7 30. Qe4 Rxb1 31. Rxb1 Qa4 32. Rb5 a6 33. Qg6 axb5 34. Qxe8+ Kh7 35. Qxb5 Qc2+ 36. Kh3 Qxd3 37. Qd5 Qf5+ 38. g4 Qc8 39. c5 Qa6 40. Qe4+ Kh8 41. Qe1 Qc6 42. Qe4 Qxc5 43. Qa8+ Kh7 44. Qe4+ Kg8 45. Qa8+ Kh7 46. Qe4+ 1/2-1/2

[Event "CZE-chT2A 0809"]
[Site "Czech Republic"]
[Date "2008.12.07"]
[Round "4.5"]
[White "Pick, Stepan"]
[Black "Rajnys, Vladimir"]
[Result "1/2-1/2"]
[WhiteElo "2149"]
[BlackElo "2095"]
[PlyCount "50"]
[EventDate "2008.10.12"]
[EventType "team-tourn"]
[EventRounds "11"]
[EventCountry "CZE"]
[SourceTitle "EXT 2010"]
[Source "ChessBase"]
[SourceDate "2010.11.25"]
[SourceVersion "1"]
[SourceVersionDate "2010.11.25"]
[SourceQuality "1"]
[WhiteTeam "Praha Pankrac II"]
[BlackTeam "Ceske Budejovice"]
[WhiteTeamCountry "CZE"]
[BlackTeamCountry "CZE"]

1. Nf3 d5 2. c4 e6 3. d4 Nf6 4. g3 c6 5. Bg2 Be7 6. 0-0 Nbd7 7. Qc2 0-0 8. Nbd2 b6 9. e4 Nxe4 10. Nxe4 dxe4 11. Qxe4 Bb7 12. Rd1 Qc8 13. Ne5 Nxe5 14. dxe5 Qc7 15. Be3 Rad8 16. f4 g6 17. Bf3 Ba8 18. Qc2 c5 19. Bxa8 Rxa8 20. Rd2 Qc6 21. Rad1 Rad8 22. Rxd8 Rxd8 23. Rxd8+ Bxd8 24. Qg2 Qd7 25. Qd2 Qc7 1/2-1/2

[Event "Cesky Krumlov op 2nd"]
[Site "Cesky Krumlov"]
[Date "2008.10.12"]
[Round "3"]
[White "Leks, Maria"]
[Black "Rajnys, Vladimir"]
[Result "0-1"]
[WhiteElo "1849"]
[BlackElo "2081"]
[PlyCount "110"]
[EventDate "2008.10.11"]
[EventType "swiss"]
[EventRounds "9"]
[EventCountry "CZE"]
[SourceTitle "CBM 126 Extra"]
[Source "ChessBase"]
[SourceDate "2008.11.05"]
[SourceVersion "1"]
[SourceVersionDate "2008.11.05"]
[SourceQuality "1"]

1. d4 Nf6 2. Nf3 d5 3. c4 e6 4. g3 Be7 5. Bg2 c6 6. 0-0 0-0 7. Qc2 b6 8. Bf4 Bb7 9. Nbd2 Nbd7 10. Rfe1 Rc8 11. Qb3 c5 12. dxc5 Nxc5 13. Qd1 Nce4 14. Nxe4 Nxe4 15. cxd5 exd5 16. Nd2 Bb4 17. a3 Bc5 18. Nxe4 dxe4 19. Qa4 Qe7 20. Qb3 Qf6 21. Rac1 Bd4 22. Rxc8 Rxc8 23. Qa4 g5 24. Be3 Bxe3 25. fxe3 Qxb2 26. Qxa7 Qc3 27. Kf2 Qf6+ 28. Kg1 Qc6 29. Rb1 b5 30. Rf1 Rd8 31. Qa5 Qd7 32. Qb4 Re8 33. Qc5 h6 34. Rf6 Rc8 35. Qe5 Rc1+ 36. Kf2 Rc6 37. Rxc6 Qxc6 38. Qb8+ Kg7 39. Qe5+ Qf6+ 40. Qxf6+ Kxf6 41. Bh3 Bc6 42. Bc8 Ke5 43. Ke1 Kd5 44. Kd2 Kc4 45. Kc2 h5 46. h3 h4 47. g4 Bd5 48. Bf5 Bc6 49. Bc8 b4 50. axb4 Kxb4 51. Bf5 Kc4 52. Bc8 Kd5 53. Kc3 Ke5 54. Bf5 Bd5 55. Bd7 Be6 0-1

[Event "CZE-chT2a 0607"]
[Site "Czech Republic"]
[Date "2007.02.11"]
[Round "7.5"]
[White "Rajnys, Vladimir"]
[Black "Simecek, Alexej"]
[Result "1-0"]
[WhiteElo "2088"]
[BlackElo "2165"]
[PlyCount "91"]
[EventDate "2006.10.15"]
[EventType "team"]
[EventRounds "11"]
[EventCountry "CZE"]
[SourceTitle "EXT 2009"]
[Source "ChessBase"]
[SourceDate "2008.11.26"]
[SourceVersion "1"]
[SourceVersionDate "2008.11.26"]
[SourceQuality "1"]
[WhiteTeam "Ceske Budejovice"]
[BlackTeam "Praha Praga"]
[WhiteTeamCountry "CZE"]
[BlackTeamCountry "CZE"]

1. e4 c6 2. d4 d5 3. exd5 cxd5 4. Bd3 Nc6 5. c3 Nf6 6. Qe2 Bg4 7. f3 Bh5 8. Bg5 e6 9. Nh3 Bg6 10. Nf4 Bxd3 11. Nxd3 Be7 12. 0-0 0-0 13. Nd2 Re8 14. f4 Nd7 15. Bxe7 Rxe7 16. Rae1 Qa5 17. a3 Rae8 18. Rf3 Qc7 19. Re3 f5 20. g4 Nf6 21. g5 Ne4 22. Nf3 Na5 23. Nfe5 Rc8 24. Qh5 g6 25. Nxg6 Rg7 26. Nge5 Qe7 27. Rh3 Nc4 28. Nxc4 Rxc4 29. Ne5 Rc7 30. Re2 Nf6 31. Qf3 Nd7 32. Rh6 Nxe5 33. Rxe5 Rg6 34. Rh3 b5 35. Rg3 a5 36. h4 b4 37. axb4 axb4 38. h5 Rg7 39. Qe2 bxc3 40. bxc3 Rc6 41. Rge3 Kf7 42. Rxf5+ Ke8 43. Rfe5 Kd7 44. Qg4 Ra6 45. Rxd5+ Rd6 46. Ra5 1-0